| 000 | 00686nam a2200157 a 4500 | ||
|---|---|---|---|
| 008 | 080109s1985 ||||||||||||||||| || u | ||
| 020 | _a0876923813 | ||
| 050 | _aQ 158.5 Uni | ||
| 245 | 1 | 0 | _aFrontiers in science and technology |
| 246 | _aa selected outlook | ||
| 260 |
_aNew Delhi _bPrintice-Hall of India _c1985 |
||
| 300 | _axxii, 227p. : ill. | ||
| 350 | _a0.00 | ||
| 995 |
_aANNEX COLLECTION (Main Library) _D0.00 _e712872 _FCBU-MAIN LIBRARY (Kitwe) _H1 _I35.00 _jQ 158.5 Uni _M1 _UAVAILABLE _y011252 _ZAnnex Low-Usage Collection |
||
| 995 |
_aANNEX COLLECTION (Main Library) _D0.00 _e712860 _FCBU-MAIN LIBRARY (Kitwe) _H2 _I35.00 _jQ 158.5 Uni _M2 _UAVAILABLE _y011253 _ZAnnex Low-Usage Collection |
||
| 999 |
_c63310 _d63310 |
||